| 000 | 00827nam a22002897a 4500 | ||
|---|---|---|---|
| 003 | CHAP | ||
| 005 | 20220817041616.0 | ||
| 008 | 971013s1982 r 00010 d | ||
| 010 | _a19624 | ||
| 011 | _a20596 | ||
| 035 | _a24684 | ||
| 040 | _cCHAP | ||
| 090 | _aFolleto 7275 | ||
| 110 | _aCentro Internacional de la Papa | ||
| 245 | _aWorld potato facts, 1980- | ||
| 260 |
_aLima : _b(El Centro), _c1982- |
||
| 300 | _av. | ||
| 500 | _aLa biblioteca tiene: 1980 | ||
| 590 |
_aBATCH-UPD _b10 _c20130110 _lUCH01 _h2220 |
||
| 590 |
_aBATCH-UPD _b10 _c20130410 _lUCH01 _h1518 |
||
| 590 |
_aBATCH-UPD _b10 _c20130914 _lUCH01 _h1858 |
||
| 590 |
_aCONVERSION _b10 _c20130109 _lUCH01 _h1312 |
||
| 650 | 1 | 4 |
_aPapa _xEstadísticas. _985234 |
| 901 | _aBK | ||
| 942 | _cFOLL | ||
| 949 |
_aFolleto 7275 _bBC _cFOLL _d-56858 _eTS1 _i24684 _mD _si |
||
| 999 |
_c19624 _d19624 |
||